000 00914cam a22003017a 4500
003 CHAP
005 20220329133903.0
008 971013s1938 r 00010 d
010 _a12286
011 _a13258
035 _a17329
040 _cCHAP
082 _a580
_bH38
100 0 0 _aHaupt, Arthur Wing.
_953090
245 1 3 _aAn introduction to botany
260 _aNew York :
_bMcGraw-Hill,
_c1938
300 _a396 p.
_b: ilus.
590 _aBATCH-UPD
_b10
_c20130110
_lUCH01
_h1819
590 _aBATCH-UPD
_b10
_c20130410
_lUCH01
_h1152
590 _aBATCH-UPD
_b10
_c20130914
_lUCH01
_h0728
590 _aCONVERSION
_b10
_c20130109
_lUCH01
_h1308
650 1 4 _aBotánica.
_914477
901 _aBK
942 _cLIBRO
949 _a580 H38
_bBC
_cBPA
_d-40975
_eBPA
_h8757
_i17329
_si
949 _a580 H38
_bBC
_cBPA
_d-40977
_eBPA
_fc.2
_h8758
_i17329
_si
949 _a580 H38
_bBC
_cBPA
_d-40978
_eBPA
_fc.3
_h8759
_i17329
_si
999 _c12286
_d12286